Statistics for Asian Geography By Letter F - Picture Quiz

Click here to take the quiz!

General Stats

  • This quiz has been taken 369 times
  • The average score is 7 of 18

Answer Stats

Answer% Correct
Fuji
96%
Forbidden City
71%
Fukushima
55%
Feng shui
52%
Fertile Crescent
52%
Fig
47%
Faisalabad
41%
{Fukuoka} Tower
31%
Fuzhou
31%
Fugu
29%
Siberian {Flying} {Squirrel}
28%
{Far} {Eastern} Federal District
27%
Filipino
27%
Fujian
26%
Fujairah
17%
Fallujah
16%
{Fishing} Cat
9%
Fansipan
5%

Score Distribution

Percentile by Number Answered

Percent of People with Each Score

Your Score History

You have not taken this quiz